La distinción (Registro nro. 184681)

Detalles MARC
000 -ENCABEZADO
Número de control [NR] 00992 a2200277 4500
005 - FECHA Y HORA DE LA ÚLTIMA TRANSACCIÓN
control field 20190204074846.0
008 - DE LONGITUD FIJA DE DATOS DE ELEMENTOS - INFORMACIÓN GENERAL
Elementos de longitud fija [NR] 140218s2012 mx a frn 001 0deng d
020 ## - NUMERO INTERNACIONAL NORMALIZADO PARA LIBROS [R]
Número Internacional Normalizado del libro [NR] 9786071119872
040 ## - FUENTE DE CATALOGACION [NR]
Agencia de catalogación original [NR] CO-BoUCM
Idioma de catalogación [NR] Español
Quien Cataloga Jose A. Gerena (modificó)
Quien Clasifica Aldemar Mondragón
041 1# - CODIGO DE IDIOMA [R]
Código de idioma para texto/pista de sonido o título separado [R] Español
082 04 - NUMERO DE CLASIFICACION DECIMAL DEWEY [R]
Número de la edición [NR] 20
Número de clasificación [R] 306.0944
100 1# - ASIENTO PRINCIPAL--NOMBRE PERSONAL [NR]
Nombre personal [NR] Bourdieu, Pierre
ID Autoridad 31772
Fechas asociadas con el nombre [NR] 1930-2002
245 ## - MENCION DE TITULO [NR]
Título [NR] La distinción
Parte restante del título [NR] criterio y bases sociales del gusto
Mención de responsabilidad, etc. [NR] Pierre Bourdieu
260 ## - PUBLICACION, DISTRIBUCION, ETC. (PIE DE IMPRENTA) [R]
Nombre del editor, distribuidor, etc. [R] México D.F. (México)
Lugar de publicación, distribución, etc. [R] Tauros
Fecha de publicación, distribución, etc. [R] 2012
300 ## - DESCRIPCION FISICA [R]
Extensión [R] 784 páginas
Otros detalles físicos [NR] ilustraciones y gráficas
490 0# - MENCION DE SERIE [R]
Mención de serie [R] Tauros pensamiento
500 ## - NOTA GENERAL [R]
Nota general [NR] Incluye índice
650 #7 - ASIENTO SECUNDARIO DE MATERIA - TERMINO TEMATICO [R]
Término temático o nombre geográfico como elemento de entrada [NR] Civilización
Subdivisión geográfica [R] Francia
9 (RLIN) 56942
650 #7 - ASIENTO SECUNDARIO DE MATERIA - TERMINO TEMATICO [R]
Término temático o nombre geográfico como elemento de entrada [NR] Clases sociales
9 (RLIN) 11000
650 #7 - ASIENTO SECUNDARIO DE MATERIA - TERMINO TEMATICO [R]
Término temático o nombre geográfico como elemento de entrada [NR] Estética
Subdivisión general [R] Aspectos sociales
9 (RLIN) 56943
650 #7 - ASIENTO SECUNDARIO DE MATERIA - TERMINO TEMATICO [R]
Término temático o nombre geográfico como elemento de entrada [NR] Psicología social
9 (RLIN) 22856
690 ## - ASUNTO AGREGADO LOCAL DE ENTRADA - TÉRMINO TEMÁTICO (OCLC, RLIN)
Acceso temático local Sociología
9 (RLIN) 386
700 ## - ASIENTO SECUNDARIO - NOMBRE PERSONAL [R]
Nombre personal [NR] Ruiz de Elvira, María del Carmen
Término de relación [R] traductor
9 (RLIN) 56564
765 0# - ASIENTO DE IDIOMA ORIGINAL [R]
Título [NR] La distinction
942 ## - ELEMENTOS DE ENTRADA AGREGADOS (KOHA)
Tema principal Sociología
Tipo de ítem principal el descrito en 300a Libro
Edición 1
Parte restante de la signatura top. B769d
Sistema de clasificación DEWEY
Clasificación 306.0944
Existencias
Suprimido Perdido Sistema de clasificación Dañado No prestable Tipo de ítem específico Ubicación habitual Ubicación actual Localización Fecha de creación Proveedor Forma de adquisición Costo Total préstamos Total Renewals Signatura topográfica Código de barras Última vez visto Fecha de último préstamo Ejemplar Costo de reposición Price effective from Tipo de ítem
    DEWEY     Libro Claustro Claustro 2do piso 21/01/2014 14 Compra 67500.00 16 12 306.0944 B769d 100140303 09/12/2025 29/08/2019 Ej.2 67500.00 21/01/2014 Libro
    DEWEY     Libro Claustro Claustro 2do piso 21/01/2014 14 Compra 67500.00 13 15 306.0944 B769d 100140302 09/12/2025 27/09/2021 Ej.1 67500.00 21/01/2014 Libro